| 000 | 00537nam a2200181Ia 4500 | ||
|---|---|---|---|
| 999 |
_c14124 _d14124 |
||
| 003 | OSt | ||
| 005 | 20201104120323.0 | ||
| 008 | 190216s9999||||xx |||||||||||||| ||und|| | ||
| 020 | _a9780140179507 | ||
| 040 | _coclc | ||
| 082 |
_a791.43092 _bGRE/M |
||
| 100 |
_aGreene, Graham _94790 |
||
| 245 | 0 |
_aMornings In The Dark / _cGraham Greene ; David Parkinson |
|
| 260 |
_bPenguin Books, _c1993. _aLondon: |
||
| 300 | _a738p | ||
| 650 | _aEnglish Literature | ||
| 942 |
_cBK _2ddc _h791.43092 _iGRE/M _k791.43092 _mGRE/M |
||